| 000 | 01163cam a2200241 4500 | ||
|---|---|---|---|
| 001 | 1280 | ||
| 005 | 20230908160257.0 | ||
| 020 | _a0439239230 | ||
| 040 |
_aDLC _cODaWU _dOCoLC _dDLC _beng |
||
| 050 | 0 | 0 |
_aPZ7.C5792 _bOt |
| 082 | _aFic | ||
| 100 | 1 | _aCleary, Beverly. | |
| 245 | 1 | 0 |
_aOtis Spofford, _cillustrated by Louis Darling. |
| 260 |
_aNew York, _bScholastic _c1963. |
||
| 300 |
_a191 pages : _bIllustrations ; _c20 cm |
||
| 490 | 0 | _aBeverly Cleary | |
| 505 | _aR | ||
| 520 | _aNewbery Medal-winning author Beverly Cleary brings her understanding and warmth to every page of this wonderful story of a "bad boy." When it comes to stirring up a little excitement in class, Otis Spofford knows just what to do. He can turn a folk dance fiesta into a three-ring circus . . . or an arithmetic lesson into a spitball marathon. Best of all, Otis likes teasing neat, well-behaved Ellen Tebbits--until the day his teasing goes too far. Now Otis is nervous, because Ellen isn't just mad . . . she's planning something! | ||
| 521 |
_a720
_bLexile |
||
| 521 |
_aR
_bRaz-Plus |
||
| 906 |
_a7 _bcbc _coclcrpl _du _encip _f19 _gy-gencatlg |
||
| 942 |
_2ddc _cBK _n0 |
||
| 999 |
_c1280 _d1280 |
||